| 000 | 01228nas a2200337 a 4500 | ||
|---|---|---|---|
| 001 | 143287 | ||
| 003 | FlNmELB | ||
| 005 | 20241217181743.0 | ||
| 006 | m o d | | ||
| 007 | cr cn||||||||| | ||
| 008 | 201205r2011 sp |||||s|||||||||||spa d | ||
| 022 | _a1699-7611 | ||
| 035 | _a(OCoLC)1105866339 | ||
| 040 |
_aFlNmELB _bspa _cFlNmELB |
||
| 050 | 4 |
_aRC552.E18 _bT775 2011 |
|
| 080 | _a616.89 | ||
| 082 | 0 | 4 |
_a616.85/2 _222 |
| 210 | 1 | 0 | _aTrastor. conducta aliment. |
| 222 | 0 | _aTrastornos de la conducta alimentaria | |
| 245 | 0 | 0 |
_aTrastornos de la conducta alimentaria _h[recurso electronico] / _cInstituto de Ciencias de la Conducta. |
| 260 |
_aSevilla : _bInstituto de Ciencias de la Conducta, _c2011. |
||
| 300 | _av. | ||
| 310 | _aSemestral | ||
| 362 | 0 | _aNum. 14 (2011)- | |
| 533 | _aRecurso electrónico. Santa Fe, Arg.: e-libro, 2015. Disponible vía World Wide Web. El acceso puede estar limitado para las bibliotecas afiliadas a e-libro. | ||
| 650 | 4 |
_aTrastornos de la alimentación _vPublicaciones periódicas. |
|
| 650 | 4 |
_aEating disorders _vPeriodicals. |
|
| 655 | 4 | _aRevistas electrónicas. | |
| 710 | 2 | _ae-libro, Corp. | |
| 856 | 4 | 0 | _uhttps://elibro.net/ereader/politecnicointernacional/83598 |
| 999 |
_c143287 _d143287 |
||